CHOICES FRESHMAN SEMINAR / (Record no. 616931)
[ view plain ]
| 000 -LEADER | |
|---|---|
| fixed length control field | 00376nam a22001457a 4500 |
| 020 ## - INTERNATIONAL STANDARD BOOK NUMBER | |
| Qualifying information | PB. |
| 040 ## - CATALOGING SOURCE | |
| Transcribing agency | FIZZA ISHAQ |
| 082 ## - DEWEY DECIMAL CLASSIFICATION NUMBER | |
| Classification number | 328.730 |
| Author Mark | ROB |
| 100 ## - MAIN ENTRY--PERSONAL NAME | |
| Personal name | McFADDEN,L.ROBERTA. |
| 9 (RLIN) | 133998 |
| 245 ## - TITLE STATEMENT | |
| Title | CHOICES FRESHMAN SEMINAR / |
| Statement of responsibility, etc. | ROBERTA L.McFADDEN. |
| 250 ## - EDITION STATEMENT | |
| Edition statement | 8TH ED. |
| 260 ## - PUBLICATION, DISTRIBUTION, ETC. | |
| Place of publication, distribution, etc. | NEW YORK ; |
| Name of publisher, distributor, etc. | COPLEY CUSTOM, |
| Date of publication, distribution, etc. | 2007. |
| 300 ## - PHYSICAL DESCRIPTION | |
| Extent | 415 P. ; |
| Dimensions | 9.2X6.1IN |
| 942 ## - ADDED ENTRY ELEMENTS (KOHA) | |
| Source of classification or shelving scheme | |
| Koha item type | Book |
No items available.
